| 000 | 00687nam a2200217 a 4500 | ||
|---|---|---|---|
| 008 | |||
| 020 | _a0748343784 (pbk. ) | ||
| 049 | _aMAIN | ||
| 090 | _aHF5616.S55 AUD | ||
| 100 | 1 | _aThe Association of Chartered Certified Accountants | |
| 245 | 1 | 0 |
_aAudit and internal review : _bDecember2001 &June 2002 Exams / _cErnest Kan. |
| 260 |
_aMiddlesex : _bFoulks Lynch, _c2003. |
||
| 300 |
_axvii, 384 p. : _bill.; _c28 cm. |
||
| 500 | _aIncludes index. | ||
| 650 | 0 |
_aAuditing _xExaminations _vStudy guides. |
|
| 907 |
_a.b10158959 _b06-01-06 _c10-03-05 |
||
| 003 | |||
| 005 | 20230123133951.0 | ||
| 040 | _cNUST | ||
| 942 |
_cBOOKS _kHF5616.S55 AUD |
||
| 999 |
_c157726 _d157726 |
||